00448 2200169 4500001002100000005001500021035002000036245003700056100002100093260003600114008004100150082000800191084001400199650002700213650002900240990000900269INLIS00000000000081620240315081748 a0010-10190000201 aTrio Musketri /cAlexandre Dumas aDumas, Alexandre bPT. Serambi Ilmu Semesta,c2010240315 0  a823 a823 DUM t 4aFiksi Inggris -- Novel 4aEnglish Fiction -- Novel a1228